000 00839nam a2200253Ia 4500
003 OSt
005 20221005104341.0
006 a|||||r|||| 00| 0
007 ta
008 221004b |||||||| |||| 00| 0 hin d
024 _a29966
037 _cTextual
040 _aCRL
_cCRL
_bhin
041 _2hin
_ahin
082 _aO152,3N08x, N7
100 _aव्यथित
245 0 _aजयंतियों से जुड़ी गौरव गाथाएं
246 _aJayantiyoan se juड़ī gaurav gāthāean
260 _aदिल्ली
_bप्रेम प्रकाशन मंदिर भारत
_c1997
300 _a215पृ0
_ccm.
650 _aहिन्दी साहित्य
942 _hO152,3N08x, N7
_cTEXL
_2cc
999 _c1012439
_d1012439